Cine formativo / (Record no. 188747)

MARC details
000 -LEADER
campo de control de longitud fija 00817nam a2200253 i 4500
001 - NÚMERO DE CONTROL
campo de control 188747
003 - IDENTIFICADOR DE NÚMERO DE CONTROL
campo de control ES-MaACL
005 - FECHA Y HORA DE LA ÚLTIMA TRANSACCIÓN
campo de control 20250814085354.0
007 - CAMPO FIJO DE DESCRIPCIÓN FÍSICA--INFORMACIÓN GENERAL
campo de control de longitud fija t|
008 - DATOS DE LONGITUD FIJA--INFORMACIÓN GENERAL
campo de control de longitud fija 190212s1970 sp r ||||1| spa d
080 ## - NÚMERO DE LA CLASIFICACIÓN DECIMAL UNIVERSAL
Número de la Clasificación Decimal Universal 791.43-053.2
100 1# - ENTRADA PRINCIPAL--NOMBRE DE PERSONA
Nombre de persona Serra Estruch, José.
9 (RLIN) 105633
245 10 - MENCIÓN DEL TÍTULO
Título Cine formativo /
Mención de responsabilidad, etc. José Serra Estruch ; prólogo de Marta Mata ; [versión de Jesús Llopis y Alfonso Sarria].
260 ## - PUBLICACIÓN, DISTRIBUCIÓN, ETC.
Lugar de publicación, distribución, etc. Barcelona :
Nombre del editor, distribuidor, etc. Nova Terra,
Fecha de publicación, distribución, etc. 1970.
300 ## - DESCRIPCIÓN FÍSICA
Extensión 348 p. ;
Dimensiones 20 cm.
490 1# - MENCIÓN DE SERIE
Mención de serie Colección "Navidad" ;
Designación de volumen o secuencia 27
650 07 - PUNTO DE ACCESO ADICIONAL DE MATERIA--TÉRMINO DE MATERIA
Término de materia o nombre geográfico como elemento de entrada Cine en la enseñanza
Fuente del encabezamiento o término embne
9 (RLIN) 11034
700 0# - ENTRADA AGREGADA--NOMBRE PERSONAL
Nombre de persona Mata, Marta.
9 (RLIN) 78884
700 1# - ENTRADA AGREGADA--NOMBRE PERSONAL
Nombre de persona Llopis, Jesús.
9 (RLIN) 166209
700 1# - ENTRADA AGREGADA--NOMBRE PERSONAL
Nombre de persona Sarría, Alfonso.
9 (RLIN) 166210
830 1# - PUNTO DE ACCESO ADICIONAL DE SERIE-TÍTULO UNIFORME
Título uniforme Colección "Navidad" ;
Designación de volumen o secuencia 27
9 (RLIN) 181795
852 ## - LOCALIZACIÓN
Ubicación ES-MaACL
Número de control de estantería P-474-Ter-25
Holdings
Estatus retirado Estado de pérdida Estado de daño No para préstamo Biblioteca de origen Biblioteca actual Ubicación en estantería Fecha de adquisición Fuente de adquisición Total de préstamos Signatura topográfica completa Código de barras Visto por última vez Precio de reemplazo Tipo de ítem Koha
        Biblioteca del Ateneo de Madrid Biblioteca del Ateneo de Madrid Depósito 2 12/02/2019     P-474-Ter-25 1199872 23/02/2023 23/02/2023 Libro impreso